Revista de derecho privado y comunitario 2014 - 1 : problemática contractual. Contratos en general /

Guardado en:
Formato: Libro
Idioma:Spanish
Publicado: Santa Fe : Rubinzal - Culzoni, 2014.
Edición:1a. ed.
Materias:
Etiquetas: Agregar Etiqueta
Sin Etiquetas, Sea el primero en etiquetar este registro!
LEADER 00779nam a22002175a 4500
001 DER.der013099
008 180615s2014####ag#||||||||||||||#||spa||
005 20231222134904.0
245 1 0 |a Revista de derecho privado y comunitario 2014 - 1 :  |b problemática contractual. Contratos en general /  |c Héctor Alegría. 
250 |a 1a. ed. 
260 |a Santa Fe :  |b Rubinzal - Culzoni,  |c 2014. 
300 |a 696 p. 
020 |a 9789873001178 
700 1 |a Alegría, Héctor,  |e dir. 
700 1 |a Mosset Iturraspe, Jorge,  |e dir. 
650 7 |a FRUSTRACION DEL CONTRATO 
650 7 |a PRUEBA DE LOS CONTRATOS 
650 7 |a RESPONSABILIDAD POR EVICCION 
650 7 |a CONTRATO DE ADHESION 
859 |a DERECHO  |b BIB. DERECHO  |h 346  |i REV  |p 006811  |t 1  |v 1 
859 |a DERECHO  |b BIB. DERECHO  |h 346  |i REV  |p 009192  |t 2  |v 2